| Tag |
First Indicator |
Second Indicator |
Subfields |
| LEADER |
00000cam a22000001 4500 |
| 001 |
in00000037631 |
| 005 |
20151007080525.0 |
| 008 |
720601s1960 nyu b 10000 eng |
| 010 |
|
|
|a 60008098
|
| 035 |
|
|
|a (OCoLC)00260827
|
| 035 |
|
|
|9 AAF4958AM
|
| 040 |
|
|
|a DLC
|c DLC
|d TXA
|d UtOrBLW
|
| 043 |
|
|
|a n-us---
|
| 049 |
|
|
|a TXAM
|v 1[326916]
|v 2 [326917]
|v 3 [326918]
|
| 050 |
0 |
0 |
|a HQ792.U5
|b C6
|
| 082 |
0 |
|
|a 301.431973
|
| 092 |
|
|
|a 301.431973
|b C734n
|
| 110 |
2 |
|
|a Committee on Studies for the Golden Anniversary White House Conference on Children and Youth.
|
| 245 |
1 |
4 |
|a The Nation's children /
|c Edited by Eli Ginzberg [chairman].
|
| 264 |
|
1 |
|a New York :
|b Published for the Golden Anniversary White House Conference on Children and Youth by Columbia University Press,
|c 1960.
|
| 300 |
|
|
|a 3 volumes ;
|c 21 cm.
|
| 336 |
|
|
|a text
|b txt
|2 rdacontent
|
| 337 |
|
|
|a unmediated
|b n
|2 rdamedia
|
| 338 |
|
|
|a volume
|b nc
|2 rdacarrier
|
| 504 |
|
|
|a Includes bibliographies.
|
| 505 |
0 |
|
|a 1. The family and social change.--2. Development and education.--3. Problems and prospects.
|
| 650 |
|
0 |
|a Children
|z United States.
|
| 650 |
|
0 |
|a Families
|z United States.
|
| 700 |
1 |
|
|a Ginzberg, Eli,
|d 1911-2002.
|
| 711 |
2 |
|
|a Golden Anniversary White House Conference on Children and Youth
|d (1960 :
|c Washington, D.C.)
|
| 999 |
|
|
|a MARS
|
| 999 |
f |
f |
|s da87ade4-dd85-3507-aa15-7eed91e70e47
|i ec290480-acc2-3ea8-92fd-8f76903609ac
|t 0
|
| 952 |
f |
f |
|p normal
|a Texas A&M University
|b College Station
|c Sterling C. Evans Library
|d Evans: Library Stacks
|t 0
|e HQ792.U5 C6
|h Library of Congress classification
|i unmediated -- volume
|k v.3:c.2
|m A14800642728
|
| 952 |
f |
f |
|p normal
|a Texas A&M University
|b College Station
|c Sterling C. Evans Library
|d Evans: Library Stacks
|t 0
|e HQ792.U5 C6
|h Library of Congress classification
|i unmediated -- volume
|k v.1:c.2
|m A14800642702
|
| 952 |
f |
f |
|p normal
|a Texas A&M University
|b College Station
|c Sterling C. Evans Library
|d Evans: Library Stacks
|t 0
|e HQ792.U5 C6
|h Library of Congress classification
|i unmediated -- volume
|k v.2:c.2
|m A14800642710
|
| 952 |
f |
f |
|a Texas A&M University
|b College Station
|c Sterling C. Evans Library
|d Evans: Library Stacks
|t 0
|e HQ792.U5 C6
|h Library of Congress classification
|
| 998 |
f |
f |
|a HQ792.U5 C6
|s v.1-v.3
|t 0
|l Evans: Library Stacks
|
| 998 |
f |
f |
|a HQ792.U5 C6
|s v.1-v.3
|t 0
|l Evans: Library Stacks
|